| 000 | 00824nam a22002297a 4500 | ||
|---|---|---|---|
| 999 |
_c178767 _d178767 |
||
| 005 | 20210413111740.0 | ||
| 010 | _aB-739789 | ||
| 020 |
_a9788189833329 _c225.00 |
||
| 035 | _aB-739789 | ||
| 037 | _bGift | ||
| 082 | _a320.533 | ||
| 100 | _aRenton, Dave | ||
| 245 |
_aFascism: _btheory and practice / _cby Dave Renton |
||
| 260 |
_aDelhi _bAakar Books _c2007 |
||
| 270 |
_a28E Pocket 4, Mayur Vihar Phase 1, _bDelhi _e110091 _k011-22795505 _l011-22795641 _maakarbooks@gmail. |
||
| 300 | v |
_avii,150p. _c24cm(pbk ) |
|
| 500 | _aincludes bibliographical references and index | ||
| 650 | _aFascism. | ||
| 650 |
_aFascism _xHistory. _zEurope |
||
| 942 |
_adpl _cEN _2ddc _mREN _h320.533 |
||